Lana Del Rey Opposite Songs - Statistics

General Stats
  • This quiz has been taken 273 times
  • The average score is 11 of 16
Answer Stats
Opposite Song % Correct
Happy Boy Sad Girl
96%
Died to Live Born to Die
95%
Fanta Cola
93%
Ugly When I Smile Pretty When You Cry
88%
East Inland West Coast
86%
People & Angels Gods & Monsters
79%
Compassionate World Cruel World
73%
Lights of Warm Shades of Cool
71%
Full Fat Coca-Cola Diet Mountain Dew
67%
Manhattan Oldie Brooklyn Baby
66%
Extremegentleness Ultraviolence
64%
English American
49%
Corpse Lifeless Body Electric
47%
Cult Religion
41%
Orange Wool Blue Velvet
35%
Extinguished Unwanted Burning Desire
28%
No matching quizzes found
Score Distribution
Percent of People with Each Score
Percentile by Number Answered
Your Score History
You have not taken this quiz